header

Annual Review of Pharmacology and Toxicology (Record no. 258059)

MARC details
000 -LEADER
fixed length control field 00415nam a22001577a 4500
003 - CONTROL NUMBER IDENTIFIER
control field OSt
005 - DATE AND TIME OF LATEST TRANSACTION
control field 20200123123626.0
008 - FIXED-LENGTH DATA ELEMENTS--GENERAL INFORMATION
fixed length control field 200123b xxu||||| |||| 00| 0 eng d
020 ## - INTERNATIONAL STANDARD BOOK NUMBER
International Standard Book Number 9780824304478
040 ## - CATALOGING SOURCE
Transcribing agency N/A
100 ## - MAIN ENTRY--PERSONAL NAME
Personal name Arthur .K. Chuo et al
245 ## - TITLE STATEMENT
Title Annual Review of Pharmacology and Toxicology
250 ## - EDITION STATEMENT
Edition statement volume 47,2007
260 ## - PUBLICATION, DISTRIBUTION, ETC. (IMPRINT)
Place of publication, distribution, etc Califonia
Name of publisher, distributor, etc Friesens Corporations
Date of publication, distribution, etc 2007
942 ## - ADDED ENTRY ELEMENTS (KOHA)
Source of classification or shelving scheme Library of Congress Classification
Koha item type Long Loan Books
Holdings
Withdrawn status Lost status Source of classification or shelving scheme Damaged status Not for loan Collection code Home library Current library Shelving location Date acquired Total Checkouts Full call number Barcode Date last seen Price effective from Koha item type
    Library of Congress Classification     Non-fiction Rongo University Library Rongo University Library General Stacks 23/01/2020   RM16.A632007 V47 201901890 23/01/2020 23/01/2020 Long Loan Books

© 2026 Rongo University
Contact us: librarian | system librarian | Rongo university